000 00599nam a2200217 a 4500
001 19445
003 CO-ViMGA
008 141112s2004 ck r 000 u spa d
020 _a9681861221
040 _aCO-ViMGA
_bspa
_cCO-ViMGA
082 0 4 _a610 E549p
100 1 _aElizondo, Luz Leticia; Cid Garcia, Ángel
_928004
245 1 0 _aPrincipios básicos de salud :
_bprimera parte
260 _aMexico :
_bLimusa; 2002
300 _a105 p.
590 _aForma de adquisición : Premio Mincultura
650 1 4 _aEJERCICIO
_917970
650 1 4 _aNUTRICION
650 1 4 _aSALUD
_949719
942 _2ddc
_cBK
999 _c2836
_d2836